| 000 | 01875nam a2200493 i 4500 | ||
|---|---|---|---|
| 001 | 30262 | ||
| 003 | KOSZ 005 | ||
| 005 | 20191009081817.0 | ||
| 008 | 191008s1994 pl a f 000 0 pol | ||
| 015 | _aPB 1994/10594 | ||
| 020 | _a8321336922 | ||
| 035 | _a991000716789705066 | ||
| 035 | _a(PL-WaBN)b10231225-48omnis_nlop | ||
| 035 | _ab10231225 | ||
| 035 | _a(OCoLC)749681190 | ||
| 035 | _a(PL)b0000001023122 | ||
| 035 | _a(EXLNZ-48OMNIS_NETWORK)9910115107505606 | ||
| 040 |
_aWA N _cWA N _dKOSZ 005/RW |
||
| 046 | _k1994 | ||
| 080 | _a624.011.1 | ||
| 080 | _a691 | ||
| 080 | _a(075.8) | ||
| 100 | 1 |
_aMielczarek, Zbigniew _d(1931- ) _eAutor |
|
| 245 | 1 | 0 |
_aBudownictwo drewniane / _cZbigniew Mielczarek. |
| 260 |
_aWarszawa : _b"Arkady", _c1994. |
||
| 300 |
_a269, [3] stron, [16] stron fotografii kolorowych : _brysunki, wykresy ; _c24 cm. |
||
| 336 |
_aTekst _btxt _2rdacontent |
||
| 337 |
_aBez urządzenia pośredniczącego _bn _2rdamedia |
||
| 338 |
_aWolumin _bnc _2rdacarrier |
||
| 380 | _aKsiążki | ||
| 380 | _aPublikacje dydaktyczne | ||
| 380 | _aPublikacje fachowe | ||
| 388 | _a1901-2000 | ||
| 504 | _aBibliografia na stronach 263-269. | ||
| 521 | _aKsiążka przeznaczona dla architektów, dla inżynierów budownictwa, projektantów i wykonawców, dla wszystkich zainteresowanych zastosowaniem drewna we współczesnym budownictwie. Może być też wykorzystana przez studentów wydziałów architektury i budownictwa. | ||
| 650 | 7 |
_aBudownictwo drewniane _2DBN |
|
| 650 | 7 |
_aKonstrukcje drewniane _2DBN |
|
| 655 | 7 |
_aPodręczniki akademickie _2DBN |
|
| 658 | _aArchitektura i budownictwo | ||
| 710 | 2 |
_aWydawnictwo Arkady _4pbl |
|
| 856 |
_uhttp://koha.tu.koszalin.pl/cgi-bin/koha/opac-detail.pl?biblionumber=30262 _yKatalog online BPK |
||
| 942 |
_2UKD _cKS |
||
| 999 |
_c30262 _d30262 |
||